000 01089nam a2200349 a 4500
003 AR-BaBNM
005 20251128203956.0
008 082120s2002 ||||||||||||||000 | spa||
020 _a84-7509-440-6
040 _cAR-BaBNM
100 1 _aBalada Monclús, Marta
245 0 0 _aLa educación visual en la escuela
_bdidáctica de la plástica : orientación para los ciclos inicial y medio
260 _aBuenos Aires
_bPaidós
_c1987
300 _a187 p.
_bil.
490 0 _aBiblioteca de pedagogía. Rosa Sensat
_vv. 6
500 _aContiene índice general
500 _aTítulos correspondientes a la misma colección
650 4 _aEDUCACION ARTISTICA
650 4 _aMETODOS DE ENSEÑANZA
650 4 _aCREATIVIDAD
650 4 _aTECNICAS DIDACTICAS
650 4 _aTALLERES ESCOLARES
650 4 _aROL DEL DOCENTE
650 4 _aOBJETIVOS EDUCACIONALES
650 4 _aLENGUAJE
650 4 _aAPRECIACION ARTISTICA
653 _aEDUCACION PLASTICA
700 1 _aTerradellas, Roser Juanola
700 1 _aPalau Ransell, Xavier
_etraductor
942 _cBK
998 _cisola
999 _c5677
_d5677